000 00400nam a2200145Ia 4500
008 231217s9999 xx 000 0 und d
041 _aEnglish
082 _a001.42 BEL `R'
100 _aBell, Judith
245 0 _aHow to complete your research project successfully: A guide for first-time....
260 _cNULL
_bUBSPD, N.Delhi
300 _a139
650 _aResearch project
942 _cAA
999 _c166194
_d166194